The force of images and rites (notice n° 2039885)

détails MARC
000 -LEADER
fixed length control field 00763cam a2200169 4500500
005 - DATE AND TIME OF LATEST TRANSACTION
control field 20260405000711.0
041 ## - LANGUAGE CODE
Language code of text/sound track or separate title fre
042 ## - AUTHENTICATION CODE
Authentication code dc
100 10 - MAIN ENTRY--PERSONAL NAME
Personal name Ferrari, Jérôme
Relator term author
245 00 - TITLE STATEMENT
Title The force of images and rites
260 ## - PUBLICATION, DISTRIBUTION, ETC.
Date of publication, distribution, etc. 2018.<br/>
500 ## - GENERAL NOTE
General note 39
520 ## - SUMMARY, ETC.
Summary, etc. In his new book À son image, Jérôme Ferrari delves into the themes that he sees as important: death, acts of violence, faith, and relationships to images. The 2012 Goncourt winner for The Sermon on the Fall of Rome has produced another head-spinning and mystical novel.
700 10 - ADDED ENTRY--PERSONAL NAME
Personal name Rose, Sean
Relator term author
786 0# - DATA SOURCE ENTRY
Note Études | ovember | 11 | 2018-10-15 | p. 95-102 | 0014-1941
856 41 - ELECTRONIC LOCATION AND ACCESS
Uniform Resource Identifier <a href="https://shs.cairn.info/journal-etudes-2018-11-page-95?lang=en&redirect-ssocas=7080">https://shs.cairn.info/journal-etudes-2018-11-page-95?lang=en&redirect-ssocas=7080</a>

Pas d'exemplaire disponible.

PLUDOC

PLUDOC est la plateforme unique et centralisée de gestion des bibliothèques physiques et numériques de Guinée administré par le CEDUST. Elle est la plus grande base de données de ressources documentaires pour les Étudiants, Enseignants chercheurs et Chercheurs de Guinée.

Adresse

627 919 101/664 919 101

25 boulevard du commerce
Kaloum, Conakry, Guinée

Réseaux sociaux

Powered by Netsen Group @ 2025